[Event "AUTO-ADV-1122"]
[Site "http://www.queenalice.com/game.php?id=546772"]
[Date "2009.2.26"]
[Round "2"]
[White "SaricBlake"]
[Black "chunyi2012"]
[Result "1-0"]
[WhiteElo "1856"]
[BlackElo "1962"]

1. e4 e5 2. Nf3 d6 3. d4 Bg4 4. d5 c6 5. Bc4 b5 6. Be2 Bxf3 7. gxf3 Qa5+ 8. Bd2
Qb6 9. dxc6 Nxc6 10. Be3 Qb8 11. Qd5 Nge7 12. Qxb5 Qxb5 13. Bxb5 a6 14. Ba4 f6
15. Nc3 Kd8 16. O-O-O Kc7 17. a3 Nc8 18. f4 Na5 19. fxe5 fxe5 20. f4 Nc4 21.
Nd5+ Kd8 22. fxe5 Nxe5 23. Rhf1 Ra7 24. Bxa7 Nxa7 25. Nb4 Be7 26. Nxa6 h5 27.
Nb4 Ng4 28. Rf7 g5 29. Nd5 Nc8 30. Nxe7 Kc7 31. Ng6+ Kb6 32. Nxh8 1-0

[Event "AUTO-ADV-1122"]
[Site "http://www.queenalice.com/game.php?id=546773"]
[Date "2009.2.26"]
[Round "2"]
[White "chunyi2012"]
[Black "SaricBlake"]
[Result "0-1"]
[WhiteElo "1972"]
[BlackElo "1876"]

1. e4 e5 2. Nf3 Nf6 3. Bc4 d5 4. exd5 Nxd5 5. Nxe5 Be6 6. O-O Bd6 7. Nd3 Qh4 8.
f4 Nxf4 9. Nxf4 Bxf4 10. g3 Bxg3 11. hxg3 Qxg3+ 12. Kh1 Qh4+ 13. Kg1 Qxc4 14. d3
Qd4+ 15. Rf2 O-O 16. Qf3 Nd7 17. Nc3 c6 18. Bf4 Nb6 19. Re1 Rae8 20. Qg3 f6 21.
Rf1 Nd5 22. Bh6 Rf7 23. Kh2 Qg4 24. Qxg4 Bxg4 25. Bd2 Nxc3 26. Bxc3 Rfe7 27. Bd4
b6 28. c4 Re2 29. a3 Rxf2+ 30. Bxf2 Be2 31. Re1 Kf7 32. Rc1 Bxd3 33. c5 b5 34.
b4 g5 35. Rc3 Be4 36. Kg3 h5 37. Bd4 Bd5 38. Rc2 Re4 39. Bb2 h4+ 40. Kh2 g4 41.
Kg1 g3 0-1

[Event "Challenge"]
[Site "http://www.queenalice.com/game.php?id=571456"]
[Date "2009.4.13"]
[Round "-"]
[White "SaricBlake"]
[Black "Canaye"]
[Result "1-0"]
[WhiteElo "1896"]
[BlackElo "1915"]

1. e4 e6 2. d4 d5 3. Nd2 dxe4 4. Nxe4 Nd7 5. Nf3 Ngf6 6. Nxf6+ Nxf6 7. Bd3 c5 8.
dxc5 Bxc5 9. Qe2 O-O 10. Bg5 h6 11. Bh4 Qa5+ 12. c3 Nd5 13. O-O Qb6 14. Bg3 Re8
15. Be5 f6 16. Qe4 f5 17. Qh4 Ne7 18. Qg3 g6 19. b4 Be3 20. Rae1 f4 21. Qg4 Kh7
22. fxe3 fxe3 23. Bd4 e5 24. Bxb6 Bxg4 25. Bxe3 Nd5 26. Bd2 Rad8 27. Nxe5 Bh5
28. Rf7+ Kg8 29. Rxb7 Nf6 30. Bc4+ Nd5 31. g4 Bxg4 32. Nxg4 Rxe1+ 33. Bxe1 Kh8
34. Bxd5 Rxd5 35. Nf6 1-0

[Event "AUTO-INT-1096"]
[Site "http://www.queenalice.com/game.php?id=583390"]
[Date "2009.5.5"]
[Round "2"]
[White "SaricBlake"]
[Black "Bigorna"]
[Result "1-0"]
[WhiteElo "1927"]
[BlackElo "1943"]

1. e4 e5 2. Nf3 d6 3. Bb5+ c6 4. Ba4 Nf6 5. Nc3 d5 6. exd5 b5 7. Bb3 e4 8. Qe2
Qe7 9. Ng5 Qe5 10. Ngxe4 Nxe4 11. Nxe4 Bd7 12. dxc6 Bxc6 13. d3 Be7 14. O-O O-O
15. Re1 a5 16. a4 b4 17. Bd2 Nd7 18. Ng3 Qxe2 19. Rxe2 Rae8 20. Rae1 Nc5 21.
Rxe7 Nxb3 22. cxb3 Rd8 23. R1e3 Bd5 24. Ra7 Ra8 25. Rxa8 Rxa8 26. d4 Rc8 27. Re5
Bxb3 28. Rxa5 g6 29. Bxb4 Rc1+ 30. Nf1 Bc4 31. h3 Rxf1+ 32. Kh2 Rxf2 33. Bc3 Bb3
34. d5 h5 35. Ra8+ Kh7 36. Rh8# 1-0

[Event "AUTO-INT-1096"]
[Site "http://www.queenalice.com/game.php?id=583391"]
[Date "2009.5.5"]
[Round "2"]
[White "Bigorna"]
[Black "SaricBlake"]
[Result "0-1"]
[WhiteElo "1925"]
[BlackElo "1944"]

1. e4 e5 2. Bc4 Nf6 3. d3 c6 4. Nf3 d5 5. exd5 cxd5 6. Bb5+ Bd7 7. Bxd7+ Nbxd7
8. O-O Qc7 9. Re1 Bd6 10. b3 O-O 11. Nbd2 Rfe8 12. c4 e4 13. dxe4 dxe4 14. Nd4
Bxh2+ 15. Kh1 Be5 16. Nxe4 Nxe4 17. Rxe4 Nf6 18. Re3 Rad8 19. Bb2 Qc5 20. Rd3
Ne4 21. Kg1 Bc7 22. Qg4 Nf6 23. Qf3 Qe5 24. g3 Bb6 25. Rad1 h5 26. Qxb7 Re7 27.
Qf3 Rc8 28. Nf5 Qc7 29. Nxe7+ Qxe7 30. Bc3 Bc5 31. Qf5 Qc7 32. Rf3 Be7 33. Bxf6
Bxf6 34. Qxh5 Re8 35. g4 Re5 36. Rf5 g6 37. Qh6 Bg7 38. Qh4 gxf5 39. Rd8+ Bf8
40. Qg5+ Kh7 41. Rxf8 Re1+ 42. Kg2 Qc6+ 43. Kg3 Rg1+ 44. Kf4 Qe4# 0-1

[Event "AUTO-MASTER-835"]
[Site "http://www.queenalice.com/game.php?id=607831"]
[Date "2009.6.23"]
[Round "1"]
[White "Undertaker"]
[Black "SaricBlake"]
[Result "0-1"]
[WhiteElo "1991"]
[BlackElo "2025"]

1. e4 e5 2. Nf3 Nf6 3. Nc3 d6 4. h3 Be7 5. Bc4 O-O 6. d3 h6 7. O-O b6 8. Nd5 c6
9. Nxe7+ Qxe7 10. Re1 Nbd7 11. d4 Bb7 12. Nh4 d5 13. exd5 cxd5 14. Bb3 Rfe8 15.
Nf5 Qe6 16. dxe5 Qxf5 17. exf6 Nxf6 18. c3 Rad8 19. Rxe8+ Rxe8 20. Be3 Qd7 21.
Qd3 Qc6 22. f3 a5 23. Bc2 Ba6 24. Qd4 b5 25. Rc1 Qc4 26. Bb3 Qe2 27. Bxh6 gxh6
28. Qxf6 Qe3+ 29. Kh2 Qxc1 30. Bxd5 Rf8 31. Qxa6 Qf4+ 32. Kg1 Rd8 33. Qxb5 Qe3+
34. Kf1 Qc1+ 35. Ke2 Qc2+ 36. Ke3 Qxg2 37. Qxa5 Re8+ 38. Kd4 Qd2+ 39. Kc5 Qxb2
40. c4 Rc8+ 41. Kd6 Qf6+ 42. Kd7 Qf5+ 43. Kd6 Kf8 44. h4 Qf6+ 0-1

[Event "AUTO-MASTER-835"]
[Site "http://www.queenalice.com/game.php?id=607832"]
[Date "2009.6.23"]
[Round "1"]
[White "SaricBlake"]
[Black "Undertaker"]
[Result "1-0"]
[WhiteElo "1980"]
[BlackElo "2063"]

1. e4 e5 2. Nf3 Nc6 3. Bb5 Bc5 4. c3 d6 5. O-O Qf6 6. d3 h6 7. Nbd2 Qg6 8. Kh1
Nf6 9. d4 exd4 10. cxd4 Bb4 11. d5 a6 12. Bxc6+ bxc6 13. Qa4 Rb8 14. Qxc6+ Kd8
15. a3 Bxd2 16. Bxd2 Qxe4 17. Ba5 Rb7 18. Rac1 Qe7 19. Rfe1 Qd7 20. Nd4 Rxb2 21.
Bxc7+ 1-0

[Event "AUTO-MASTER-835"]
[Site "http://www.queenalice.com/game.php?id=607845"]
[Date "2009.6.23"]
[Round "1"]
[White "SaricBlake"]
[Black "Xeque"]
[Result "1/2-1/2"]
[WhiteElo "2020"]
[BlackElo "2144"]

1. e4 e5 2. Nf3 Nc6 3. Bb5 a6 4. Bxc6 dxc6 5. O-O Bg4 6. h3 h5 7. d3 Qf6 8. Nbd2
Ne7 9. Re1 Ng6 10. d4 Bd6 11. hxg4 hxg4 12. Nh2 Rxh2 13. Qxg4 Qh4 14. Qxh4 Rxh4
15. Nf3 Rh5 16. c3 O-O-O 17. Be3 Rdh8 18. Kf1 exd4 19. Nxd4 Bf4 20. Ke2 Rh2 21.
Rg1 Bxe3 22. Kxe3 Ne5 23. Nf3 Nxf3 24. Kxf3 Rd8 1/2-1/2

[Event "AUTO-MASTER-835"]
[Site "http://www.queenalice.com/game.php?id=607846"]
[Date "2009.6.23"]
[Round "1"]
[White "Xeque"]
[Black "SaricBlake"]
[Result "1-0"]
[WhiteElo "2152"]
[BlackElo "2040"]

1. e4 e5 2. Nf3 Nf6 3. Nxe5 d6 4. Nf3 Nxe4 5. Nc3 Nf6 6. d4 Be7 7. Bd3 Be6 8.
O-O O-O 9. Re1 Re8 10. Bg5 Nbd7 11. Ne2 h6 12. Bh4 c5 13. h3 Qb6 14. b3 Nf8 15.
c4 d5 16. Qc2 Rac8 17. Rac1 dxc4 18. bxc4 cxd4 19. Nexd4 g5 20. Bg3 Bc5 21. Nxe6
Nxe6 22. Bf5 Rcd8 23. Rb1 Qa6 24. Rbd1 Rxd1 25. Rxd1 Nh5 26. Be5 Nef4 27. Rd7 f6
28. Be6+ Qxe6 29. Qh7+ Kf8 30. Qxh6+ Kg8 31. Qh7+ Kf8 32. Nxg5 Re7 33. Nxe6+ 1-0

[Event "AUTO-MASTER-835"]
[Site "http://www.queenalice.com/game.php?id=607847"]
[Date "2009.6.23"]
[Round "1"]
[White "SaricBlake"]
[Black "ferrari"]
[Result "1-0"]
[WhiteElo "2010"]
[BlackElo "1863"]

1. e4 d6 2. d4 Nf6 3. Bd3 g6 4. Nf3 Bg7 5. O-O O-O 6. Bf4 Bg4 7. Nbd2 Nc6 8. h3
Bxf3 9. Nxf3 Nh5 10. Be3 b6 11. c3 e5 12. Bb5 Ne7 13. Qa4 exd4 14. Nxd4 a6 15.
Bxa6 Bxd4 16. cxd4 c6 17. Bg5 Qd7 18. d5 f6 19. dxc6 Nxc6 20. Qc4+ Kg7 21. Be3
Ne5 22. Qe2 Kh8 23. Bb5 Qc7 24. a4 Qe7 25. Bxb6 Nf4 26. Qd2 Nh5 27. Rac1 f5 28.
Rc7 Qh4 29. Qxd6 Qf4 30. Bd4 Qxe4 31. Bxe5+ Nf6 32. Bxf6+ Rxf6 33. Qxf6+ 1-0

[Event "AUTO-MASTER-835"]
[Site "http://www.queenalice.com/game.php?id=607848"]
[Date "2009.6.23"]
[Round "1"]
[White "ferrari"]
[Black "SaricBlake"]
[Result "0-1"]
[WhiteElo "1867"]
[BlackElo "1999"]

1. e4 e5 2. Nf3 Nf6 3. Nxe5 d6 4. Nf3 Nxe4 5. Bd3 d5 6. O-O Be7 7. Re1 f5 8.
Bxe4 fxe4 9. Nd4 O-O 10. d3 c5 11. Ne2 exd3 12. Qxd3 Nc6 13. Nbc3 Nb4 14. Qd1
Bf5 15. Ng3 Bxc2 16. Qg4 Bg6 17. Re5 d4 18. Nce4 Nd3 19. Qe6+ Rf7 20. Rd5 Qf8
21. f3 Re8 22. Qh3 Bd8 23. Bd2 Bc7 24. Ng5 Rfe7 25. N5e4 Bxe4 26. Nxe4 Rxe4 27.
fxe4 Qf2+ 28. Kh1 Rf8 29. Rf5 Qxf5 30. Qg3 Qf1+ 31. Rxf1 Rxf1# 0-1

[Event "Challenge"]
[Site "http://www.queenalice.com/game.php?id=655497"]
[Date "2009.9.20"]
[Round "-"]
[White "SaricBlake"]
[Black "thedead"]
[Result "1-0"]
[WhiteElo "2028"]
[BlackElo "1394"]

1. e4 e5 2. Nf3 Nc6 3. Bb5 a6 4. Ba4 Nf6 5. O-O b5 6. Bb3 Be7 7. Re1 d6 8. a4
Bg4 9. Nc3 Nd4 10. Ba2 Nxf3+ 11. gxf3 Bd7 12. d3 bxa4 13. Bc4 O-O 14. Nxa4 c6
15. Nc3 a5 16. Kh1 Nh5 17. Rg1 Re8 18. Ne2 Bh4 19. Be3 Qf6 20. Ng3 d5 21. exd5
Bxg3 22. fxg3 cxd5 23. Bxd5 Bc6 24. Be4 Bd7 25. Bxa8 1-0

[Event "Challenge"]
[Site "http://www.queenalice.com/game.php?id=672472"]
[Date "2009.10.25"]
[Round "-"]
[White "palergiuseppe"]
[Black "SaricBlake"]
[Result "0-1"]
[WhiteElo "1179"]
[BlackElo "2030"]

1. d4 Nf6 2. c3 e6 3. Nf3 Be7 4. e3 O-O 5. Bd3 c5 6. O-O a6 7. Nbd2 b5 8. Ne5
Bb7 9. Ndf3 d6 10. Ng5 dxe5 11. dxc5 Qd5 12. Bxh7+ Nxh7 13. Nf3 Qxc5 14. Bd2 Nd7
15. h3 Rfd8 16. Nd4 exd4 0-1

[Event "AUTO-MASTER-835"]
[Site "http://www.queenalice.com/game.php?id=684646"]
[Date "2009.11.17"]
[Round "2"]
[White "fosdunc"]
[Black "SaricBlake"]
[Result "1-0"]
[WhiteElo "2158"]
[BlackElo "2032"]

1. e4 e5 2. Nf3 Nf6 3. d4 Nxe4 4. Bd3 d5 5. Nxe5 Nd7 6. O-O Bd6 7. c4 Nxe5 8.
dxe5 Bxe5 9. cxd5 Nf6 10. Re1 Qxd5 11. Nc3 Qd4 12. Nb5 Qb6 13. Rxe5+ 1-0

[Event "AUTO-MASTER-835"]
[Site "http://www.queenalice.com/game.php?id=684647"]
[Date "2009.11.17"]
[Round "2"]
[White "SaricBlake"]
[Black "fosdunc"]
[Result "0-1"]
[WhiteElo "2019"]
[BlackElo "2230"]

1. e4 e6 2. d4 b6 3. Bd3 g6 4. Nf3 h6 5. b3 Bg7 6. Bb2 Bb7 7. Nbd2 Ne7 8. Rb1
O-O 9. O-O d6 10. Nc4 Nd7 11. Qd2 d5 12. exd5 Nxd5 13. Nce5 Nxe5 14. Nxe5 Qe7
15. Rfe1 Rad8 16. Bb5 c5 17. Qc1 cxd4 18. Ba3 Qc7 19. Bxf8 Rxf8 20. Nf3 Nc3 21.
Bc4 e5 22. Ra1 b5 23. Bf1 e4 24. Nd2 Be5 25. g3 e3 26. fxe3 Bxg3 0-1

[Event "AUTO-MASTER-835"]
[Site "http://www.queenalice.com/game.php?id=684648"]
[Date "2009.11.17"]
[Round "2"]
[White "cesargarcia"]
[Black "SaricBlake"]
[Result "1-0"]
[WhiteElo "2364"]
[BlackElo "2021"]

1. d4 Nf6 2. Nf3 d5 3. c4 c6 4. e3 h6 5. Nc3 Bf5 6. cxd5 cxd5 7. Qb3 Qc7 8. Nxd5
Nxd5 9. Qxd5 e6 10. Qb3 Nc6 11. Bd2 Be7 12. Bd3 Bxd3 13. Qxd3 Bb4 14. Bxb4 Nxb4
15. Qb5+ Nc6 16. O-O O-O 17. Rac1 Rfd8 18. Rc5 Qe7 19. Rfc1 Rd6 20. Ne1 Rad8 21.
Nd3 Rxd4 22. exd4 Nxd4 23. Qb4 Ne2+ 24. Kf1 Nxc1 25. Rxc1 1-0

[Event "AUTO-MASTER-835"]
[Site "http://www.queenalice.com/game.php?id=684649"]
[Date "2009.11.17"]
[Round "2"]
[White "SaricBlake"]
[Black "cesargarcia"]
[Result "0-1"]
[WhiteElo "2011"]
[BlackElo "2360"]

1. d4 Nf6 2. c4 d5 3. Nc3 e6 4. e3 Be7 5. Nf3 O-O 6. Qc2 c5 7. Be2 Nc6 8. O-O
cxd4 9. exd4 dxc4 10. Rd1 a6 11. Bxc4 b5 12. d5 Nb4 13. Qd2 Nbxd5 14. Bxd5 Nxd5
15. Nxd5 exd5 16. Qxd5 Qxd5 17. Rxd5 Be6 18. Rd1 Rfd8 19. Rxd8+ Rxd8 20. Bg5 f6
21. Be3 Rd3 22. h3 Kf7 23. Ne1 Rd7 24. b3 h6 25. Rc1 Ba3 26. Rc6 Rd1 27. Kf1 Ra1
28. Rc2 Bf5 0-1

[Event "Let's Play Chess!"]
[Site "http://www.queenalice.com/game.php?id=1637298"]
[Date "2020.12.23"]
[Round "-"]
[White "igorjava"]
[Black "SaricBlake"]
[Result "1-0"]
[WhiteElo "2014"]
[BlackElo "2004"]

1. e4 c5 2. Nf3 d6 3. d4 cxd4 4. Nxd4 Nf6 5. Nc3 a6 6. a4 e5 7. Nb3 Be7 8. Bc4
O-O 9. O-O Be6 10. Bd3 Nbd7 11. Kh1 Qc7 12. f4 Nc5 13. Nxc5 Qxc5 14. Qe2 Rfc8
15. f5 Bc4 16. Bd2 d5 17. exd5 Bxd5 18. Nxd5 Nxd5 19. c3 Qc7 20. Rfe1 Bd6 21.
Bc2 Re8 22. Bg5 f6 23. Bd2 Qd7 24. Qc4 Bf8 25. Bb3 Rad8 26. Rad1 Kh8 27. Bc1 1-0